000
00284nam a22001337a 4500
999
_c
527280
_d
527280
040
_c
NUST
082
_a
624.1821
_b
DAY
100
_a
Dayaratnam P
_9
18317
245
_a
Design of Steel structures
260
_b
Chand S
300
_b
PB.ill.868
521
_a
PB
942
_2
ddc
_c
BK